000 03298nam a2200265 4500
020 _a1506297382
040 _cPAK- NSHS NUST
082 0 0 _a572.076
_bKAP
100 1 _aKaplan Test Prep
_9134332
110 _aKaplan Test Prep
_9134333
245 _aMCAT Biochemistry Review 2026-2027: Online + Book /
_cKaplan Test Prep
260 _aNew York :
_bKaplan Test Prep,
_c2025.
300 _axxviii, 573 pages:
_billustrations (color) ;
_c27.5 cm
440 _aMCAT Biochemistry Review 2026-2027: Online + Book /
_x1506297382
_9134334
500 _aIncludes index.
505 _a1- Cover, 2- Title Page, 3- Copyright Page, 4- Table of Contents, 5- The Kaplan MCAT Review Team, 6- Getting Started Checklist, 7- Preface, 8- About the MCAT, 9- How This Book Was Created, 10- Using This Book, 11- Studying for the MCAT, 12- Chapter 1: Amino Acids, Peptides, and Proteins, 13- Chapter 2: Enzymes, 14- Chapter 3: Nonenzymatic Protein Function and Protein Analysis, 15- Chapter 4: Carbohydrate Structure and Function, 16- Chapter 5: Lipid Structure and Function, 17- Chapter 6: DNA and Biotechnology, 18- Chapter 7: RNA and the Genetic Code, 19- Chapter 8: Biological Membranes, 20- Chapter 9: Carbohydrate Metabolism I, 21- Chapter 10: Carbohydrate Metabolism II, 22- Chapter 11: Lipid and Amino Acid Metabolism, 23- Chapter 12: Bioenergetics and Regulation of Metabolism, 24- Glossary, 25- Index, 26- Art Credits.
520 _a Kaplan's MCAT Biochemistry Review 2026-2027 offers an expert study plan, detailed subject review, and hundreds of online and in-book practice questions--all authored by the experts behind Kaplan's score-raising MCAT prep course. Prepping for the MCAT is a true challenge. Kaplan can be your partner along the way--offering guidance on where to focus your efforts and how to organize your review. This book has been updated to match the AAMC's guidelines precisely--no more worrying about whether your MCAT review is comprehensive! The Most Practice More than 350 questions in the book and access to even more online--more practice than any other MCAT biochemistry book on the market. The Best Practice Comprehensive biochemistry subject review is written by top-rated, award-winning Kaplan instructors. Full-color, 3-D illustrations, charts, graphs and diagrams help turn even the most complex science into easy-to-visualize concepts. All material is vetted by editors with advanced science degrees and by a medical doctor. Online resources, including a full-length practice test, help you practice in the same computer-based format you'll see on Test Day. Expert Guidance High-yield badges throughout the book identify the topics most frequently tested by the AAMC. We know the test: The Kaplan MCAT team has spent years studying every MCAT-related document available. Kaplan's expert psychometricians ensure our practice questions and study materials are true to the test.'Provided by Publishers.,
546 _aIn English.
650 _aBiochemistry
_vExaminations, questions,
_9134335
650 _aMedical College Admission Test
_vStudy guides.
_9126729
650 _aBiochemistry
_vStudy guides.
_9134336
700 _aKaplan Test Prep
_9134332
942 _2ddc
_cBK
999 _c617315
_d617315